| 000 | 00948nam a22002537a 4500 | ||
|---|---|---|---|
| 005 | 20170124103150.0 | ||
| 010 | _aB-157899 | ||
| 020 | _c80.00 | ||
| 035 | _aB-157899 | ||
| 037 | _bCen Lib/Ret | ||
| 040 |
_aDPL _bHN |
||
| 082 |
_a821 _bव्यासह |
||
| 100 |
_aव्यास, हरीश _987820 |
||
| 245 |
_aऔरत कुदरत और हम / _cहरीश व्यास |
||
| 246 |
_aAurat kudrat aur hum / _bby Harish Vyas |
||
| 260 |
_aजयपुर _bदेवनागर प्रकाशन _c2003 |
||
| 270 |
_bजयपुर _aचौड़ा रास्ता |
||
| 300 |
_avi,96पृ. _c20सेमी(सजिल्द) |
||
| 650 |
_aहिन्दी -- साहित्य _987821 |
||
| 650 |
_aहिन्दी -- काव्य _9779 |
||
| 650 |
_aHindi literature _987822 |
||
| 650 |
_aHindi - Poetry _987823 |
||
| 942 |
_2ddc _cHN _h821 _mव्यासह |
||
| 999 |
_c119950 _d119950 |
||